[Event "Toronto Reserves"]
[Site "Toronto"]
[Date "1982.02.??"]
[Round "10"]
[White "Knapp, Ernest"]
[Black "Kuznecov, Alex"]
[Result "0-1"]
[WhiteElo "1940"]
[BlackElo "2092"]
[PlyCount "84"]
[EventDate "1982.02.??"]
[EventType "tourn"]
[EventRounds "11"]
[EventCountry "CAN"]
[SourceTitle "EXT 2022"]
[Source "ChessBase"]
[SourceDate "2021.10.06"]
[SourceVersion "1"]
[SourceVersionDate "2021.10.06"]
[SourceQuality "1"]

1. e4 c5 2. Nc3 d6 3. Bc4 Nf6 4. d3 e6 5. Nge2 Be7 6. 0-0 0-0 7. Bg5 Nc6 8. a3 h6 9. Bh4 Qc7 10. h3 a6 11. Bg3 b5 12. Ba2 Bd7 13. f4 Qb6 14. Bf2 a5 15. Ng3 b4 16. Nce2 Qc7 17. Be3 Rab8 18. Qd2 Kh7 19. Rad1 bxa3 20. bxa3 a4 21. Rb1 Rxb1 22. Rxb1 Rb8 23. f5 Rxb1+ 24. Bxb1 Qb6 25. Qc1 Nd4 26. Nxd4 cxd4 27. Bd2 d5 28. e5 Ng8 29. Ba2 Qc7 30. Bf4 Qc5 31. f6 gxf6 32. exf6 Bxf6 33. Nh5 Be7 34. Qb2 Qxa3 35. Qb7 Qxa2 36. Qxd7 Qxc2 37. Qe8 Qd1+ 38. Kh2 Qxh5 39. Qxa4 Bf6 40. g4 Qh4 41. Bg3 Qg5 42. Qe8 Kg7 0-1